000 00608cam a2200229 a 4500
001 4206471
005 20180308043702.0
008 810828s1982 njua b 001 0 eng
010 _a 81015323
020 _a0138173389
040 _aDLC
_cDLC
_dDLC
041 _aeng
043 _an-us---
080 _a973
082 0 0 _a973 FEA
_219
100 1 _a16
101 _aHIS
245 1 0 _aSocial problems, a critical power-conflict perspective /
_cJoe R. Feagin.
504 _aIncludes bibliographical references and index.
906 _a7
_bcbc
_corignew
_d1
_eocip
_f19
_gy-gencatlg
942 _2ddc
_cBK
999 _c44414
_d44414